<?xml version="1.0" encoding="UTF-8"?><?xml-stylesheet type="text/xsl" href="static/style.xsl"?><OAI-PMH xmlns="http://www.openarchives.org/OAI/2.0/" xmlns:xsi="http://www.w3.org/2001/XMLSchema-instance" xsi:schemaLocation="http://www.openarchives.org/OAI/2.0/ http://www.openarchives.org/OAI/2.0/OAI-PMH.xsd"><responseDate>2026-04-17T05:39:00Z</responseDate><request verb="GetRecord" identifier="oai:riubu.ubu.es:10259/10194" metadataPrefix="marc">https://riubu.ubu.es/oai/request</request><GetRecord><record><header><identifier>oai:riubu.ubu.es:10259/10194</identifier><datestamp>2025-07-28T11:51:01Z</datestamp><setSpec>com_10259_3844</setSpec><setSpec>com_10259_5086</setSpec><setSpec>com_10259_2604</setSpec><setSpec>col_10259_3845</setSpec></header><metadata><record xmlns="http://www.loc.gov/MARC21/slim" xmlns:doc="http://www.lyncode.com/xoai" xmlns:xsi="http://www.w3.org/2001/XMLSchema-instance" xmlns:dcterms="http://purl.org/dc/terms/" xsi:schemaLocation="http://www.loc.gov/MARC21/slim http://www.loc.gov/standards/marcxml/schema/MARC21slim.xsd">
<leader>00925njm 22002777a 4500</leader>
<datafield tag="042" ind1=" " ind2=" ">
<subfield code="a">dc</subfield>
</datafield>
<datafield tag="720" ind1=" " ind2=" ">
<subfield code="a">Romay García, Luis</subfield>
<subfield code="e">author</subfield>
</datafield>
<datafield tag="720" ind1=" " ind2=" ">
<subfield code="a">Pérez Estébanez, Martín</subfield>
<subfield code="e">author</subfield>
</datafield>
<datafield tag="720" ind1=" " ind2=" ">
<subfield code="a">Heras Vidaurre, Aránzazu</subfield>
<subfield code="e">author</subfield>
</datafield>
<datafield tag="720" ind1=" " ind2=" ">
<subfield code="a">Colina Santamaría, Álvaro</subfield>
<subfield code="e">author</subfield>
</datafield>
<datafield tag="260" ind1=" " ind2=" ">
<subfield code="c">2025-01</subfield>
</datafield>
<datafield tag="520" ind1=" " ind2=" ">
<subfield code="a">Quantitative methods using surface-enhanced Raman scattering (SERS) for analysis in complex matrices are very&#xd;
attractive due to the high sensitivity and selectivity of this technique. In this work, a novel time-resolved elec&#xd;
trochemical surface-enhanced Raman scattering (TR-EC-SERS) analytical method has been developed for the&#xd;
determination of nicotine in e-liquids of electronic cigarettes. One of the main challenges of SERS is its inherent&#xd;
lack of reproducibility. Here, this limitation was mitigated by employing an electrochemical pre-treatment step&#xd;
to generate a homogeneous distribution of silver nanoparticles (Ag-NPs) on a silver screen-printed electrode. The&#xd;
enhanced Raman scattering induced by the Ag-NPs enabled the detection of nicotine at nanomolar levels. The&#xd;
high sensitivity of the method allowed the quantitative analysis of diluted e-liquid samples, mitigating potential&#xd;
interferences from other components present in these complex matrices. Moreover, TR-EC-SERS, coupled with&#xd;
parallel factor analysis (PARAFAC), demonstrated the capability of trilinear spectroelectrochemistry data not&#xd;
only to detect nicotine but also to identify potential interfering compounds without prior knowledge of their&#xd;
spectral signatures. This multivariate approach offers significant potential for the detection of outliers in complex&#xd;
samples.</subfield>
</datafield>
<datafield tag="024" ind2=" " ind1="8">
<subfield code="a">0026-265X</subfield>
</datafield>
<datafield tag="024" ind2=" " ind1="8">
<subfield code="a">http://hdl.handle.net/10259/10194</subfield>
</datafield>
<datafield tag="024" ind2=" " ind1="8">
<subfield code="a">10.1016/j.microc.2024.112551</subfield>
</datafield>
<datafield ind1=" " ind2=" " tag="653">
<subfield code="a">SERS</subfield>
</datafield>
<datafield ind1=" " ind2=" " tag="653">
<subfield code="a">Spectroelectrochemistry</subfield>
</datafield>
<datafield ind1=" " ind2=" " tag="653">
<subfield code="a">PARAFAC</subfield>
</datafield>
<datafield ind1=" " ind2=" " tag="653">
<subfield code="a">Nicotine</subfield>
</datafield>
<datafield ind1=" " ind2=" " tag="653">
<subfield code="a">E-liquid</subfield>
</datafield>
<datafield tag="245" ind1="0" ind2="0">
<subfield code="a">Determination of nicotine in e-liquids by electrochemical generation of surface-enhanced Raman scattering substrates</subfield>
</datafield>
</record></metadata></record></GetRecord></OAI-PMH>